| 000 | 00472nam a2200133Ia 4500 | ||
|---|---|---|---|
| 005 | 20260209120138.0 | ||
| 008 | 260209s9999||||xx |||||||||||||| ||und|| | ||
| 100 | _aGeet Rajan Ahuja | ||
| 245 | 0 | _aCrowdfunding : the need and regulatory challenges in India | |
| 260 |
_aBangaloreBangalore _bNLSIU _c2017 |
||
| 300 | _a175 p. ; 25 cm. | ||
| 700 | _aProf. (Dr.) R Venkata Rao - GuideProf. (Dr.) R Venkata Rao - Guide | ||
| 856 | _uhttps://dans.nls.ac.in/handle/123456789/1582 | ||
| 999 |
_c217304 _d217304 |
||